[Event "Aktobe Dvorkovich Rapid op"]
[Site "Aktobe"]
[Date "2022.06.21"]
[Round "8"]
[White "Moisseyenko, Ilya"]
[Black "Amangeldy, Ernur"]
[Result "0-1"]
[WhiteElo "2282"]
[BlackElo "1824"]
[PlyCount "124"]
[EventDate "2022.06.21"]
[EventType "swiss (rapid)"]
[EventRounds "9"]
[EventCountry "KAZ"]
[SourceTitle "CBM 209 Extra"]
[Source "ChessBase"]
[SourceDate "2022.09.30"]
[SourceVersion "1"]
[SourceVersionDate "2022.09.30"]
[SourceQuality "1"]

1. Nf3 Nf6 2. g3 d5 3. Bg2 c6 4. 0-0 Bg4 5. h3 Bxf3 6. Bxf3 Nbd7 7. d3 e6 8. Nd2 Bd6 9. c4 0-0 10. Bg2 Re8 11. b3 a5 12. a3 Qe7 13. Bb2 Rad8 14. Qc2 e5 15. e4 dxe4 16. Nxe4 Nxe4 17. Bxe4 Nc5 18. Bg2 Ne6 19. Rfe1 Qc7 20. b4 axb4 21. axb4 Bxb4 22. Rxe5 Bd6 23. Re2 Bc5 24. Rae1 Rf8 25. Kh2 Bd4 26. Ba3 Bc5 27. Rxe6 Bxa3 28. R6e2 Bb4 29. Rb1 Bc5 30. Qb3 Rd7 31. Reb2 Qd8 32. Bf1 Qf6 33. Qc2 b6 34. Ra2 Bd4 35. Bg2 h5 36. h4 Re8 37. Rf1 Red8 38. Qd1 g6 39. Be4 Be5 40. Kg2 Kg7 41. Ra6 Bd4 42. Qa4 Bc5 43. Qa1 Bd4 44. Qc1 Rd6 45. f4 Bb2 46. Qc2 Bd4 47. Qe2 Re6 48. Qf3 b5 49. f5 Red6 50. Qd1 Qe5 51. Rxc6 Rxc6 52. Bxc6 bxc4 53. dxc4 Bb6 54. Bd5 Qb2+ 55. Kh3 Rd7 56. fxg6 fxg6 57. Qf3 Bc5 58. Qf4 Qe2 59. Qf6+ Kh7 60. Bf7 Qg4+ 61. Kh2 Rd2+ 62. Rf2 Rxf2+ 0-1

[Event "Almaty op"]
[Site "Almaty"]
[Date "2019.10.11"]
[Round "6"]
[White "Rakhimzhan, Alen"]
[Black "Moisseyenko, Ilya"]
[Result "1/2-1/2"]
[WhiteElo "2303"]
[BlackElo "2264"]
[PlyCount "79"]
[EventDate "2019.10.07"]
[EventType "swiss"]
[EventRounds "9"]
[EventCountry "KAZ"]
[SourceTitle "EXT 2020"]
[Source "ChessBase"]
[SourceDate "2019.10.17"]
[SourceVersion "1"]
[SourceVersionDate "2019.10.17"]
[SourceQuality "1"]

1. d4 d5 2. c4 c6 3. cxd5 cxd5 4. Bf4 Nf6 5. Nc3 Nc6 6. e3 a6 7. Bd3 Bg4 8. Nge2 e6 9. h3 Bh5 10. 0-0 Bd6 11. Bxd6 Qxd6 12. Rc1 0-0 13. Qd2 Bxe2 14. Qxe2 b5 15. a4 bxa4 16. Nxa4 Nb4 17. Bb1 g6 18. Rc3 Rfb8 19. Qf3 Kg7 20. Rfc1 Ra7 21. Nc5 a5 22. Qe2 Nd7 23. Qd2 Nb6 24. b3 Nd7 25. Na4 Nf6 26. Nc5 h5 27. Bd3 Qb6 28. Ra1 Rc7 29. Rac1 Ra7 30. Ra1 Rc7 31. Na4 Rxc3 32. Qxc3 Qb7 33. Nc5 Qb6 34. Be2 Rc8 35. Qd2 Rc7 36. Rc1 Rc6 37. f3 Qb8 38. Rc3 Kg8 39. Bf1 Rc7 40. Kf2 1/2-1/2

[Event "Almaty op"]
[Site "Almaty"]
[Date "2019.10.09"]
[Round "4"]
[White "Moisseyenko, Ilya"]
[Black "Khusenkhojaev, Muhammad"]
[Result "1-0"]
[WhiteElo "2264"]
[BlackElo "2450"]
[PlyCount "105"]
[EventDate "2019.10.07"]
[EventType "swiss"]
[EventRounds "9"]
[EventCountry "KAZ"]
[SourceTitle "EXT 2020"]
[Source "ChessBase"]
[SourceDate "2019.10.17"]
[SourceVersion "1"]
[SourceVersionDate "2019.10.17"]
[SourceQuality "1"]

1. d4 Nf6 2. Nf3 g6 3. c4 Bg7 4. Nc3 d5 5. cxd5 Nxd5 6. Bd2 c5 7. Rc1 0-0 8. dxc5 Na6 9. e4 Ndb4 10. a3 Nd3+ 11. Bxd3 Qxd3 12. b4 Rd8 13. Qe2 Be6 14. 0-0 Bg4 15. Be1 Nc7 16. h3 Bxf3 17. Qxf3 Qxf3 18. gxf3 Rd3 19. a4 Ne6 20. Nd5 Nd4 21. Kg2 Nxf3 22. Bc3 Nh4+ 23. Kh2 Nf3+ 24. Kg2 e6 25. Ne7+ Kf8 26. Bxg7+ Kxe7 27. c6 Nh4+ 28. Kh2 Nf3+ 29. Kg2 Nh4+ 30. Kh2 Nf3+ 31. Kh1 bxc6 32. Rxc6 Nd2 33. Rc7+ Kd6 34. Rfc1 Nxe4 35. Rxf7 Rxh3+ 36. Kg2 Rh5 37. f4 e5 38. Bxe5+ Ke6 39. Rcc7 a6 40. a5 Rd8 41. Rce7+ Kd5 42. b5 axb5 43. a6 Kc6 44. Rd7 Ra8 45. a7 b4 46. Rb7 Rf5 47. Rfc7+ Kd5 48. Rb5+ Ke6 49. Rb6+ Kd5 50. Rd7+ Kc5 51. Rb8 Rf8 52. Rxf8 Rxf8 53. Bb8 1-0

[Event "KAZ-ch"]
[Site "Almaty"]
[Date "2019.04.25"]
[Round "5"]
[White "Moisseyenko, Ilya"]
[Black "Zhalmakhanov, Ramazan"]
[Result "1/2-1/2"]
[WhiteElo "2329"]
[BlackElo "2346"]
[PlyCount "73"]
[EventDate "2019.04.21"]
[EventType "tourn"]
[EventRounds "11"]
[EventCountry "KAZ"]
[EventCategory "7"]
[SourceTitle "CBM 190 Extra"]
[Source "ChessBase"]
[SourceDate "2019.07.15"]
[SourceVersion "1"]
[SourceVersionDate "2019.07.15"]
[SourceQuality "1"]

1. d4 Nf6 2. Nf3 e6 3. c4 d5 4. Nc3 c6 5. cxd5 exd5 6. Bg5 Be7 7. Qc2 g6 8. e3 Bf5 9. Bd3 Bxd3 10. Qxd3 Nbd7 11. 0-0 0-0 12. Rab1 a5 13. Nd2 Bd6 14. f4 Re8 15. Rf3 b5 16. Ne2 Qb6 17. Ng3 c5 18. Rbf1 cxd4 19. exd4 Bf8 20. Kh1 Bg7 21. f5 Re7 22. fxg6 fxg6 23. h4 Re6 24. h5 Ne4 25. Ngxe4 dxe4 26. Nxe4 Qxd4 27. h6 Qxd3 28. Rxd3 Bxb2 29. Rxd7 Rxe4 30. g3 Re2 31. Bf6 Bxf6 32. Rxf6 Rc8 33. Rg7+ Kh8 34. Rc7 Rd8 35. Rd6 Rf8 36. Rf6 Rd8 37. Rd6 1/2-1/2

[Event "Almaty op"]
[Site "Almaty"]
[Date "2018.10.22"]
[Round "8"]
[White "Moisseyenko, Ilya"]
[Black "Urazayev, Arystanbek"]
[Result "0-1"]
[WhiteElo "2300"]
[BlackElo "2321"]
[PlyCount "78"]
[EventDate "2018.10.16"]
[EventType "swiss"]
[EventRounds "9"]
[EventCountry "KAZ"]
[SourceTitle "CBM 187 Extra"]
[Source "ChessBase"]
[SourceDate "2018.11.04"]
[SourceVersion "1"]
[SourceVersionDate "2018.11.04"]
[SourceQuality "1"]

1. d4 Nf6 2. Nf3 e6 3. c4 d5 4. Nc3 dxc4 5. e3 a6 6. a4 c5 7. Bxc4 Nc6 8. 0-0 Be7 9. Ne5 cxd4 10. Nxc6 bxc6 11. exd4 a5 12. Qf3 Nd5 13. Ne4 0-0 14. Rd1 Ba6 15. b3 Qb6 16. Bg5 Bxg5 17. Nxg5 h6 18. Ne4 Rfd8 19. Nc5 Bxc4 20. bxc4 Nb4 21. Qe2 Rab8 22. Rab1 Qc7 23. Rb3 e5 24. Rg3 Rxd4 25. Rxd4 exd4 26. h4 Rd8 27. h5 Qf4 28. Nd7 Qf5 29. Nb6 Qe6 30. Qd2 c5 31. Nd5 Nxd5 32. cxd5 Rxd5 33. Qxa5 c4 34. Qb4 c3 35. Qc4 Qe1+ 36. Kh2 Rxh5+ 37. Rh3 Rxh3+ 38. gxh3 Qxf2+ 39. Kh1 c2 0-1

[Event "Almaty op"]
[Site "Almaty"]
[Date "2018.10.21"]
[Round "7"]
[White "Khusenkhojaev, Muhammad"]
[Black "Moisseyenko, Ilya"]
[Result "1-0"]
[WhiteElo "2443"]
[BlackElo "2300"]
[PlyCount "45"]
[EventDate "2018.10.16"]
[EventType "swiss"]
[EventRounds "9"]
[EventCountry "KAZ"]
[SourceTitle "CBM 187 Extra"]
[Source "ChessBase"]
[SourceDate "2018.11.04"]
[SourceVersion "1"]
[SourceVersionDate "2018.11.04"]
[SourceQuality "1"]

1. d4 Nf6 2. c4 c5 3. Nf3 cxd4 4. Nxd4 g6 5. Nc3 Bg7 6. g3 a6 7. Bg2 Qc7 8. Qd3 Nc6 9. b3 d5 10. Nxc6 bxc6 11. cxd5 cxd5 12. 0-0 Bf5 13. Nxd5 Nxd5 14. Qxd5 Rd8 15. Bf4 Qa7 16. Qc6+ Bd7 17. Rad1 e5 18. Bg5 f6 19. Be3 Qb8 20. Rxd7 Rxd7 21. Rd1 Qd8 22. Bb6 Qe7 23. Qc8+ 1-0

[Event "Almaty Seimar op"]
[Site "Almaty"]
[Date "2007.08.26"]
[Round "9"]
[White "Moisseyenko, Ilya"]
[Black "Davletbakov, Saddam"]
[Result "1-0"]
[WhiteElo "2258"]
[BlackElo "2174"]
[PlyCount "113"]
[EventDate "2007.08.18"]
[EventType "swiss"]
[EventRounds "9"]
[EventCountry "KAZ"]
[SourceTitle "EXT 2022"]
[Source "ChessBase"]
[SourceDate "2021.10.06"]
[SourceVersion "1"]
[SourceVersionDate "2021.10.06"]
[SourceQuality "1"]

1. e4 c5 2. Nf3 d6 3. d4 cxd4 4. Qxd4 Nf6 5. Bg5 Nc6 6. Bb5 Bd7 7. Bxc6 Bxc6 8. Nc3 e6 9. 0-0-0 Be7 10. Bxf6 gxf6 11. Rhe1 Qa5 12. Nd2 Qc5 13. Qd3 Qxf2 14. Nc4 Qc5 15. Nxd6+ Bxd6 16. Qxd6 Qxd6 17. Rxd6 Rd8 18. Rxd8+ Kxd8 19. Kd2 Rg8 20. g3 h5 21. Rf1 Ke7 22. Rf4 Rg5 23. Ke3 e5 24. Rf3 Ke6 25. Nd5 f5 26. c4 Bxd5 27. cxd5+ Kd6 28. h4 Rg4 29. Rxf5 Rxg3+ 30. Kf2 Rg4 31. Ke3 Rxh4 32. Rxf7 b6 33. Rf6+ Kc5 34. Rc6+ Kb5 35. Re6 Rh3+ 36. Ke2 Rh2+ 37. Ke3 Rxb2 38. Rxe5 h4 39. d6+ Kc6 40. Rd5 Kd7 41. e5 Rxa2 42. Rd1 Ra5 43. e6+ Kxe6 44. d7 Re5+ 45. Kf4 Rf5+ 46. Kg4 Rf8 47. d8Q Rxd8 48. Rxd8 a5 49. Kf4 h3 50. Ke4 h2 51. Rh8 Kd6 52. Kd4 Kc6 53. Rxh2 Kb5 54. Kc3 Ka4 55. Kb2 b5 56. Rh4+ b4 57. Rh5 1-0